Every Blink-182 Song - Statistics

General Stats
  • This quiz has been taken 60 times
  • The average score is 81 of 195
Answer Stats
Album Song % Correct
Enema Of The State Adam's Song
95%
Enema Of The State All The Small Things
89%
Take Off Your Pants And Jacket First Date
89%
Enema Of The State What's My Age Again?
89%
Enema Of The State Anthem
84%
Dude Ranch Dammit
84%
Take Off Your Pants And Jacket The Rock Show
84%
Blink-182 (Untitled) I Miss You
82%
Buddha | Cheshire Cat Carousel
79%
Enema Of The State Dumpweed
79%
One More Time... ONE MORE TIME
79%
Blink-182 (Untitled) Feeling This
76%
Enema Of The State Aliens Exist
74%
One More Time... ANTHEM PART 3
74%
Dude Ranch Josie
74%
Enema Of The State Dysentery Gary
71%
Take Off Your Pants And Jacket Stay Together For The Kids
71%
Blink-182 (Untitled) Go
68%
Take Off Your Pants And Jacket Online Songs
68%
Blink-182 (Untitled) Always
66%
Take Off Your Pants And Jacket Anthem Part Two
66%
Buddha Don't
66%
Enema Of The State Don't Leave Me
66%
The Mark, Tom, And Travis Show Man Overboard
66%
Enema Of The State Mutt
66%
Enema Of The State The Party Song
66%
Enema Of The State Wendy Clear
66%
Blink-182 (Untitled) Down
63%
Enema Of The State Going Away To College
63%
Cheshire Cat M+M's
63%
Blink-182 (Untitled) Violence
63%
One More Time... DANCE WITH ME
61%
Dogs Eating Dogs Dogs Eating Dogs
61%
One More Time... EDGING
61%
Blink-182 (Untitled) Bonus Track Not Now
61%
Take Off Your Pants And Jacket Reckless Abandon
61%
Blink-182 (Untitled) Stockholm Syndrome
61%
Dude Ranch Dick Lips
58%
Take Off Your Pants And Jacket Everytime I Look For You
58%
The Mark, Tom, And Travis Show Family Reunion
58%
One More Time... MORE THAN YOU KNOW
58%
Blink-182 (Untitled) Obvious
58%
Dude Ranch Pathetic
58%
One More Time... TURPENTINE
58%
California Bored To Death
55%
California California
55%
One More Time... CHILDHOOD
55%
One More Time... FELL IN LOVE
55%
Neighborhoods Ghost On The Dance Floor
55%
Take Off Your Pants And Jacket Roller Coaster
55%
California She's Out Of Her Mind
55%
Neighborhoods Up All Night
55%
One More Time... BLINK WAVE
53%
Take Off Your Pants And Jacket Happy Holidays, You Bastard
53%
Take Off Your Pants And Jacket Story Of A Lonely Guy
53%
Dude Ranch Untitled
53%
Neighborhoods Wishing Well
53%
Dude Ranch Emo
50%
One More Time... FUCK FACE
50%
Blink-182 (Untitled) Here's Your Letter
50%
Blink-182 (Untitled) I'm Lost Without You
50%
One More Time... OTHER SIDE
50%
One More Time... TERRIFIED
50%
One More Time... WHEN WE WERE YOUNG
50%
Blink-182 (Untitled) Easy Target
47%
Take Off Your Pants And Jacket Shut Up
47%
Neighborhoods After Midnight
45%
Blink-182 (Untitled) All Of This
45%
Dude Ranch A New Hope
45%
Dude Ranch Apple Shampoo
45%
Blink-182 (Untitled) Asthenia
45%
One More Time... CUT ME OFF
45%
Yellow "Pants" Version Hidden Track Fuck A Dog
45%
Cheshire Cat Peggy Sue
45%
Take Off Your Pants And Jacket Please Take Me Home
45%
Blink-182 (Untitled) The Fallen Interlude
45%
Dude Ranch Voyeur
45%
Cheshire Cat Wasting Time
45%
One More Time... BAD NEWS
42%
The Mark, Tom, And Travis Show Blow Job
42%
Dogs Eating Dogs Boxing Day
42%
NINE Darkside
42%
Buddha | Cheshire Cat Toast And Bananas
42%
Cheshire Cat Touchdown Boy
42%
Greatest Hits Another Girl Another Planet
39%
California Cynical
39%
Buddha | Cheshire Cat Fentoozler
39%
NINE Happy Days
39%
NINE Pin The Grenade
39%
Dogs Eating Dogs Pretty Little Girl
39%
One More Time... SEE YOU
39%
Buddha | Cheshire Cat Strings
39%
Buddha | Cheshire Cat TV
39%
One More Time... YOU DON'T KNOW WHAT YOU'VE GOT
39%
Dude Ranch Degenerate
37%
Take Off Your Pants And Jacket Give Me One Good Reason
37%
One More Time... HURT (INTERLUDE)
37%
Dude Ranch I'm Sorry
37%
NINE I Really Wish I Hated You
37%
Neighborhoods Kaleidoscope
37%
Dude Ranch Lemmings
37%
Neighborhoods Natives
37%
California San Diego
37%
Blink-182 (Untitled) Stockholm Syndrome Interlude
37%
Buddha | Flyswatter Time
37%
One More Time... TURN THIS OFF!
37%
Green "Jacket" Version Hidden Track When You Fucked Grandpa
37%
Cheshire Cat Ben Wah Balls
34%
Dude Ranch Boring
34%
Dogs Eating Dogs Disaster
34%
Dude Ranch Enthused
34%
Neighborhoods Heart's All Gone
34%
Neighborhoods (Deluxe) Snake Charmer
34%
Buddha | Cheshire Cat Sometimes
34%
NINE The First Time
34%
Dogs Eating Dogs When I Was Young
34%
California Built This Pool
32%
Cheshire Cat Cacophony
32%
Single With The Same Name I Won't Be Home For Christmas
32%
California Los Angeles
32%
Buddha My Pet Sally
32%
NINE No Heart To Speak Of
32%
NINE On Some Emo Shit
32%
California Rabbit Hole
32%
Buddha | Cheshire Cat Romeo And Rebecca
32%
The Mark, Tom, And Travis Show The Country Song
32%
Dude Ranch Waggy
32%
NINE Blame It On My Youth
29%
Cheshire Cat Depends
29%
Cheshire Cat Does My Breath Smell?
29%
NINE Heaven
29%
Cheshire Cat Just About Done
29%
Single With The Same Name Quarantine
29%
Yellow "Pants" Version Hidden Track What Went Wrong
29%
California (Deluxe Edition) Wildfire
29%
NINE Black Rain
26%
Neighborhoods (Deluxe) Even If She Falls
26%
NINE Generational Divide
26%
Neighborhoods (Deluxe) Heart's All Gone Interlude
26%
California Home Is Such A Lonely Place
26%
California Kings Of The Weekend
26%
Single With The Same Name Not Another Christmas Song
26%
NINE Ransom
26%
Buddha | Flyswatter Reebok Commercial
26%
NINE Remember To Forget Me
26%
California Sober
26%
California Teenage Satellites
26%
Buddha The Girl Next Door
26%
California Brohemian Rhapsody
24%
Neighborhoods (Deluxe) Fighting The Gravity
24%
Flyswatter Marlboro Man
24%
California (Deluxe Edition) Misery
24%
Red "Take Off" Version Hidden Track Mother's Day
24%
California No Future
24%
Buddha | Flyswatter Point Of View
24%
Flyswatter Red Skies
24%
The Mark, Tom, And Travis Show Shut Up And Play A Song
24%
Green "Jacket" Version Hidden Track Don't Tell Me It's Over
21%
NINE Hungover You
21%
California (Deluxe Edition) Last Train Home
21%
California Left Alone
21%
Neighborhoods Love Is Dangerous
21%
Neighborhoods MH 4.18.2011
21%
California (Deluxe Edition) Parking Lot
21%
Neighborhoods This Is Home
21%
California (Deluxe Edition) 6/8
18%
NINE Run Away
18%
California The Only Thing That Matters
18%
Red "Take Off" Version Hidden Track Time To Break Up
18%
Buddha 21 Days
16%
California (Deluxe Edition) Bottom Of The Ocean
16%
California (Deluxe Edition) Don't Mean Anything
13%
California (Deluxe Edition) Hey I'm Sorry
13%
California (Deluxe Edition) Long Lost Feeling
13%
Flyswatter The Longest Line
13%
Flyswatter Alone
11%
California (Deluxe Edition) Bored To Death (Acoustic)
11%
California (Deluxe Edition) Can't Get You More Pregnant
11%
California (Deluxe Edition) Good Old Days
11%
Flyswatter Freak Scene
8%
Ugly Is Beautiful Let Me Down
8%
NINE (JP Bonus Track) Out Of My Head
8%
World War Joy P.S. I Hope You're Happy
0%
Don't Forget Where You Came From Scumbag
0%
Neon Future III Why Are We So Broken
0%
No matching quizzes found
Score Distribution
Percent of People with Each Score
Percentile by Number Answered
Your Score History
You have not taken this quiz